<?xml version="1.0" encoding="UTF-8"?>
<record
    xmlns:xsi="http://www.w3.org/2001/XMLSchema-instance"
    xsi:schemaLocation="http://www.loc.gov/MARC21/slim http://www.loc.gov/standards/marcxml/schema/MARC21slim.xsd"
    xmlns="http://www.loc.gov/MARC21/slim">

  <leader>01422nam0a2200313   4500</leader>
  <controlfield tag="001">RU\NLR\bibl\1079635</controlfield>
  <controlfield tag="005">20260406132347.0</controlfield>
  <datafield tag="010" ind1=" " ind2=" ">
    <subfield code="a">978-5-902879-06-0</subfield>
    <subfield code="9">3000</subfield>
  </datafield>
  <datafield tag="021" ind1=" " ind2=" ">
    <subfield code="a">RU</subfield>
    <subfield code="b">2007-19099</subfield>
    <subfield code="9">1014</subfield>
  </datafield>
  <datafield tag="035" ind1=" " ind2=" ">
    <subfield code="a">(NLR Aleph) 001066822</subfield>
  </datafield>
  <datafield tag="090" ind1=" " ind2=" ">
    <subfield code="a">973495</subfield>
    <subfield code="c">973495</subfield>
  </datafield>
  <datafield tag="100" ind1=" " ind2=" ">
    <subfield code="a">20070502d2007    |||y0rusy50      ca</subfield>
  </datafield>
  <datafield tag="101" ind1="1" ind2=" ">
    <subfield code="a">rus</subfield>
  </datafield>
  <datafield tag="102" ind1=" " ind2=" ">
    <subfield code="a">RU</subfield>
  </datafield>
  <datafield tag="105" ind1=" " ind2=" ">
    <subfield code="a">a   |||||||||</subfield>
  </datafield>
  <datafield tag="200" ind1="1" ind2=" ">
    <subfield code="a">&#x41F;&#x43E;&#x44D;&#x437;&#x438;&#x44F; &#x43D;&#x430;&#x440;&#x43E;&#x434;&#x43E;&#x432; &#x41A;&#x430;&#x432;&#x43A;&#x430;&#x437;&#x430; &#x432; &#x43F;&#x435;&#x440;&#x435;&#x432;&#x43E;&#x434;&#x430;&#x445; &#x411;&#x435;&#x43B;&#x43B;&#x44B; &#x410;&#x445;&#x43C;&#x430;&#x434;&#x443;&#x43B;&#x438;&#x43D;&#x43E;&#x439;</subfield>
    <subfield code="e">[&#x441;&#x431;&#x43E;&#x440;&#x43D;&#x438;&#x43A;</subfield>
    <subfield code="f">&#x441;&#x43E;&#x441;&#x442;. &#x411;. &#x41C;&#x435;&#x441;&#x441;&#x435;&#x440;&#x435;&#x440; &#x438; &#x434;&#x440;.]</subfield>
  </datafield>
  <datafield tag="210" ind1=" " ind2=" ">
    <subfield code="a">&#x41C;&#x43E;&#x441;&#x43A;&#x432;&#x430;</subfield>
    <subfield code="c">&#x414;&#x435;&#x434;&#x430;&#x43B;&#x443;&#x441;</subfield>
    <subfield code="d">2007</subfield>
  </datafield>
  <datafield tag="215" ind1=" " ind2=" ">
    <subfield code="a">470,[1] &#x441;.</subfield>
    <subfield code="c">&#x438;&#x43B;.</subfield>
    <subfield code="d">21</subfield>
  </datafield>
  <datafield tag="327" ind1="1" ind2=" ">
    <subfield code="a">&#x421;&#x43E;&#x434;&#x435;&#x440;&#x436;.: &#x420;&#x430;&#x437;&#x434;.: &#x418;&#x437; &#x433;&#x440;&#x443;&#x437;&#x438;&#x43D;&#x441;&#x43A;&#x43E;&#x439; &#x43F;&#x43E;&#x44D;&#x437;&#x438;&#x438;; &#x418;&#x437; &#x430;&#x440;&#x43C;&#x44F;&#x43D;&#x441;&#x43A;&#x43E;&#x439; &#x43F;&#x43E;&#x44D;&#x437;&#x438;&#x438;; &#x418;&#x437; &#x430;&#x431;&#x445;&#x430;&#x437;&#x441;&#x43A;&#x43E;&#x439; &#x43F;&#x43E;&#x44D;&#x437;&#x438;&#x438;; &#x418;&#x437; &#x431;&#x430;&#x43B;&#x43A;&#x430;&#x440;&#x441;&#x43A;&#x43E;&#x439; &#x43F;&#x43E;&#x44D;&#x437;&#x438;&#x438;; &#x411;&#x435;&#x43B;&#x43B;&#x430; &#x410;&#x445;&#x43C;&#x430;&#x434;&#x443;&#x43B;&#x438;&#x43D;&#x430;. &#x420;&#x435;&#x447;&#x44C; &#x438; &#x440;&#x435;&#x447;&#x44C; &#x43D;&#x435;&#x440;&#x430;&#x441;&#x442;&#x43E;&#x440;&#x436;&#x438;&#x43C;&#x44B;...</subfield>
  </datafield>
  <datafield tag="686" ind1=" " ind2=" ">
    <subfield code="a">&#x428;6(2=&#x420;)75-57</subfield>
  </datafield>
  <datafield tag="686" ind1=" " ind2=" ">
    <subfield code="a">&#x428;6(24)-5&#x44F;43{&#x41B;&#x445;-&#x43A;&#x430;&#x432;&#x43A;.292-75}</subfield>
  </datafield>
  <datafield tag="702" ind1=" " ind2="1">
    <subfield code="4">220</subfield>
    <subfield code="8">rus</subfield>
    <subfield code="7">ca</subfield>
    <subfield code="a">&#x41C;&#x435;&#x441;&#x441;&#x435;&#x440;&#x435;&#x440;</subfield>
    <subfield code="b">&#x411;. &#x410;.</subfield>
    <subfield code="c">&#x445;&#x443;&#x434;&#x43E;&#x436;&#x43D;&#x438;&#x43A;</subfield>
    <subfield code="f">1933-</subfield>
    <subfield code="g">&#x411;&#x43E;&#x440;&#x438;&#x441; &#x410;&#x441;&#x430;&#x444;&#x43E;&#x432;&#x438;&#x447;</subfield>
    <subfield code="3">RU\NLR\auth\7793560</subfield>
    <subfield code="9">76486</subfield>
  </datafield>
  <datafield tag="702" ind1=" " ind2="1">
    <subfield code="4">730</subfield>
    <subfield code="8">rus</subfield>
    <subfield code="7">ca</subfield>
    <subfield code="a">&#x410;&#x445;&#x43C;&#x430;&#x434;&#x443;&#x43B;&#x438;&#x43D;&#x430;</subfield>
    <subfield code="b">&#x411;. &#x410;.</subfield>
    <subfield code="f">1937-2010</subfield>
    <subfield code="g">&#x411;&#x435;&#x43B;&#x43B;&#x430; &#x410;&#x445;&#x430;&#x442;&#x43E;&#x432;&#x43D;&#x430;</subfield>
    <subfield code="3">RU\NLR\auth\771853</subfield>
    <subfield code="9">111871</subfield>
  </datafield>
  <datafield tag="801" ind1=" " ind2="0">
    <subfield code="a">RU</subfield>
    <subfield code="b">NLR</subfield>
    <subfield code="c">20070502</subfield>
    <subfield code="g">RCR</subfield>
  </datafield>
  <datafield tag="801" ind1=" " ind2="1">
    <subfield code="a">RU</subfield>
    <subfield code="b">NLR</subfield>
    <subfield code="c">20070502</subfield>
  </datafield>
  <datafield tag="942" ind1=" " ind2=" ">
    <subfield code="c">BOOK</subfield>
  </datafield>
  <datafield tag="980" ind1=" " ind2=" ">
    <subfield code="a">NB</subfield>
  </datafield>
  <datafield tag="995" ind1=" " ind2=" ">
    <subfield code="5">2007-05-02</subfield>
    <subfield code="a">ad</subfield>
    <subfield code="b">NLR01</subfield>
    <subfield code="c">NLR01</subfield>
    <subfield code="e">RF9</subfield>
    <subfield code="f">1-4592381</subfield>
    <subfield code="k">2007-3/13224</subfield>
    <subfield code="o">0</subfield>
    <subfield code="r">BOOK</subfield>
    <subfield code="s">2007313224_</subfield>
  </datafield>
  <datafield tag="995" ind1=" " ind2=" ">
    <subfield code="5">2007-05-02</subfield>
    <subfield code="a">ad</subfield>
    <subfield code="b">NLR01</subfield>
    <subfield code="c">NLR01</subfield>
    <subfield code="e">RF9</subfield>
    <subfield code="f">2422922</subfield>
    <subfield code="k">2007-3/13224</subfield>
    <subfield code="o">0</subfield>
    <subfield code="r">BOOK</subfield>
    <subfield code="s">2007313224_</subfield>
  </datafield>
</record>
